Follow That Line: Modern Family (Season 1) Quiz Stats

 Plays Quiz Updated Nov 21, 2013

Support Sporcle.
Go Orange.
Score 0/20 Timer 08:00
1 Play Today
% Correct
I call it peerenting.
93.8%
So yeah, I’m pretty much not afraid of anything...except for clowns.
93.1%
A cereal commercial.
92.5%
It was definitely to identify a body.
91.9%
And people are judging us!
91.4%
That fish would look at Mitchell's relationship with his mother and say, 'That's messed up.'
91.3%
They both landed in this country illegally.
91.1%
You ever hear of anyone being sfathered to death?
90%
You don't have to get fat.
89.5%
I don't think they're trying to fool me.
89.5%
% Correct
What's weird is that her kid wears aftershave and dresses like a count.
89.4%
I gave her a gorgeous pair of diamond earrings, and she gave me a hint.
88%
But not me...I'm completely clueless.
87.6%
It’s just like how some of my relatives got into this country!
87%
Which are usually free, but this makes it official, which is so great.
86.8%
I guess I was following her too, kind of.
85.1%
We’re trying to make a friend, not initiate a three-way.
85%
Yeah, but we had to keep it a secret.
84.8%
Sorry, dude. It's on the calendar.
83.4%
All he wanted to do was dance, and that's my story.
82%

From the Vault

Same First Name

by TheMonkeyKing

It seems that there's not much creativity when it comes to first names.
Remove Ads.
Support Sporcle.
Get the best of Sporcle when you Go Orange. This ad-free experience offers more features, more stats, and more fun while also helping to support Sporcle. Thank you for becoming a member.

Show Comments

Extras

Top Quizzes Today


Score Distribution

Your Account Isn't Verified!

In order to create a playlist on Sporcle, you need to verify the email address you used during registration. Go to your Sporcle Settings to finish the process.

Report this User

Report this user for behavior that violates our Community Guidelines.

Details: